Минералого-петрохимические и геохимические черты околорудного метасоматизма в Верхне-Сакуканском золоторудном месторождении (Северное Забайкалье); Ч. 2; Околожильные метасоматические и геохимические ореолы; Известия Томского политехнического университета [Известия ТПУ]; Т. 309, № 5
| Parent link: | Известия Томского политехнического университета [Известия ТПУ]/ Томский политехнический университет (ТПУ).— , 2000- Т. 309, № 5.— 2006.— [С. 20-26] |
|---|---|
| Hovedforfatter: | |
| Summary: | Заглавие с титульного листа Электронная версия печатной публикации Приведены результаты изучения минералого-петрохимической зональности околожильных метасоматических ореолов Верхне-Сакуканского месторождения, показаны относительно малообъемные масштабы ореолов в обрамлении слабозолотоносных кварцевых жил и принадлежность их к березитовой метасоматической формации, а месторождения - к золотой субформации золото-уран-полиметаллической березитовой рудной формации. Распределение золота, серебра и некоторых сопровождающих металлов в междужильном пространстве подчиняется структуре околожильных метасоматических ореолов и по этому показателю месторождение демонстрирует приверженность к выявленной ранее закономерности, согласно которой структура и масштабы околожильных геохимических ореолов прямо зависят от интенсивности околожильных гидротермальных изменений вмещающих пород, а контрастность геохимических аномалий, кроме того, - от степени золотоносности кварцевых жил. Полученные результаты обсуждаются в сравнении с ситуацией в других мезотермальных золотых месторождениях. |
| Sprog: | russisk |
| Udgivet: |
2006
|
| Serier: | Естественные науки |
| Fag: | |
| Online adgang: | http://www.lib.tpu.ru/fulltext/v/Bulletin_TPU/2006/v309/i5/04.pdf |
| Format: | MixedMaterials Electronisk Book Chapter |
| KOHA link: | https://koha.lib.tpu.ru/cgi-bin/koha/opac-detail.pl?biblionumber=171481 |
MARC
| LEADER | 00000nla2a2200000 4500 | ||
|---|---|---|---|
| 001 | 171481 | ||
| 005 | 20231031164004.0 | ||
| 035 | |a (RuTPU)RU\TPU\book\185939 | ||
| 035 | |a RU\TPU\book\185938 | ||
| 090 | |a 171481 | ||
| 100 | |a 20091204d2006 k y0rusy50 ca | ||
| 101 | 0 | |a rus | |
| 102 | |a RU | ||
| 135 | |a drnn ---uucaa | ||
| 181 | 0 | |a i | |
| 182 | 0 | |a b | |
| 200 | 1 | |a Минералого-петрохимические и геохимические черты околорудного метасоматизма в Верхне-Сакуканском золоторудном месторождении (Северное Забайкалье) |b Электронный ресурс |h Ч. 2 |i Околожильные метасоматические и геохимические ореолы |f И. В. Кучеренко | |
| 203 | |a Текст |c электронный | ||
| 215 | |a 1 файл (194 Кб) | ||
| 225 | 1 | |a Естественные науки | |
| 230 | |a Электронные текстовые данные (1 файл : 194 Кб) | ||
| 300 | |a Заглавие с титульного листа | ||
| 300 | |a Электронная версия печатной публикации | ||
| 320 | |a [Библиогр.: с. 26 (16 назв.)] | ||
| 330 | |a Приведены результаты изучения минералого-петрохимической зональности околожильных метасоматических ореолов Верхне-Сакуканского месторождения, показаны относительно малообъемные масштабы ореолов в обрамлении слабозолотоносных кварцевых жил и принадлежность их к березитовой метасоматической формации, а месторождения - к золотой субформации золото-уран-полиметаллической березитовой рудной формации. Распределение золота, серебра и некоторых сопровождающих металлов в междужильном пространстве подчиняется структуре околожильных метасоматических ореолов и по этому показателю месторождение демонстрирует приверженность к выявленной ранее закономерности, согласно которой структура и масштабы околожильных геохимических ореолов прямо зависят от интенсивности околожильных гидротермальных изменений вмещающих пород, а контрастность геохимических аномалий, кроме того, - от степени золотоносности кварцевых жил. Полученные результаты обсуждаются в сравнении с ситуацией в других мезотермальных золотых месторождениях. | ||
| 337 | |a Adobe Reader | ||
| 461 | 1 | |0 (RuTPU)RU\TPU\book\176237 |t Известия Томского политехнического университета [Известия ТПУ] |f Томский политехнический университет (ТПУ) |d 2000- | |
| 463 | 1 | |0 (RuTPU)RU\TPU\book\185932 |t Т. 309, № 5 |v [С. 20-26] |d 2006 |p 276 с. | |
| 610 | 1 | |a минералого-петрохимические черты | |
| 610 | 1 | |a геохимические черты | |
| 610 | 1 | |a околорудный метасоматизм | |
| 610 | 1 | |a Верхне-Сакуканское месторождение | |
| 610 | 1 | |a минералого-петрохимическая зональность | |
| 610 | 1 | |a околожильные метасоматические ореолы | |
| 610 | 1 | |a слабозолотоносные жилы | |
| 610 | 1 | |a кварцевые жилы | |
| 610 | 1 | |a березитовые формации | |
| 610 | 1 | |a метасоматические формации | |
| 610 | 1 | |a золотые субформации | |
| 610 | 1 | |a рудные формации | |
| 610 | 1 | |a золото-уран-полиметаллические формации | |
| 610 | 1 | |a золото | |
| 610 | 1 | |a серебро | |
| 610 | 1 | |a металлы | |
| 610 | 1 | |a междужильное пространство | |
| 610 | 1 | |a гидротермальные изменения | |
| 610 | 1 | |a вмещающие породы | |
| 610 | 1 | |a контрастность | |
| 610 | 1 | |a геохимические аномалии | |
| 610 | 1 | |a золотоносность | |
| 610 | 1 | |a мезотермальные золотые месторождения | |
| 610 | 1 | |a труды учёных ТПУ | |
| 610 | 1 | |a электронный ресурс | |
| 700 | 1 | |a Кучеренко |b И. В. |c российский геолог |c профессор Томского политехнического университета, доктор геолого-минералогических наук |f 1937- |g Игорь Васильевич |2 stltpush |3 (RuTPU)RU\TPU\pers\13904 | |
| 801 | 1 | |a RU |b 63413507 |c 20090623 |g PSBO | |
| 801 | 2 | |a RU |b 63413507 |c 20211029 |g PSBO | |
| 856 | 4 | |u http://www.lib.tpu.ru/fulltext/v/Bulletin_TPU/2006/v309/i5/04.pdf | |
| 942 | |c CF | ||